AMラジオキー局においてプライム・深夜帯に冠番組を持つ人物・グループ - Statistics

General Stats
  • This quiz has been taken 58 times
  • The average score is 20 of 114
Answer Stats
放送局 放送時間 曜日 番組名 パーソナリティ 番組名 % Correct
オードリー
81%
乃木坂46
77%
バナナマン のバナナムーンGOLD
73%
おぎやはぎ のメガネびいき
63%
ナインティナイン
60%
霜降り明星
60%
ももいろクローバーZ ももクロくらぶxoxo
60%
25時台26時台 伊集院光 ・深夜の馬鹿力
58%
星野源
56%
三四郎
56%
ハライチ のターン!
54%
爆笑問題 カーボーイ
54%
24時台 嵐・ 相葉雅紀 のレコメン!アラシリミックス
48%
山里亮太 の不毛な議論
48%
櫻坂46 こちら有楽町星空放送局
48%
櫻坂46
48%
27時台28時台 フワちゃん のオールナイトニッポン0
44%
佐久間宣行
40%
サントリー生ビールpresents 菅井友香 の#今日も推しとがんばりき
40%
24時台 空気階段 の踊り場
40%
22時台 日向坂46 松田好花 の日向坂高校放送部
38%
あの
38%
アルコ&ピース D.C.GARAGE
35%
SixTONES のオールナイトニッポンサタデースペシャル
35%
SixTONES のオールナイトニッポン サタデースペシャル
35%
緑黄色社会・ 長屋晴子
33%
=LOVE のイコラフ
33%
マヂカルラブリー
31%
25時台 秋元真夏 卒アルラジオ
31%
不二家 presents Snow Man の素のまんま
31%
25時台26時台 Ado のオールナイトニッポン
29%
20時台 なにわ男子 の初心ラジ!
27%
24時台 山田裕貴 のオールナイトニッポンX
27%
21時台 かまいたち のヘイ!タクシー!
23%
Snow Man 佐久間大介 の待って、無理、しんどい、、
21%
スカルプD presents 川島明 のねごと
21%
問わず語りの 神田伯山
21%
27時台 さらば青春の光 がTaダ、Baカ、Saワギ
21%
25時台 エレ片 のケツビ!
19%
28時台 月~木 上柳昌彦 あさぼらけ
17%
20時台 ダイアン のTOKYO STYLE
17%
ほら!ここが オズワルド さんち!
17%
23時台 中居正広 ON&ON AIR
15%
明治 presents 花澤香菜 のひとりでできるかな?
15%
ラランド ・ツキの兎
15%
スタンド・バイ・ 見取り図
15%
JO1
15%
東映公認 鈴村健一・神谷浩史 の仮面ラジレンジャー
13%
伊達さゆり の伊達にラジオやってません!!!
13%
和牛 のモーモーラジオ
10%
EXIT
10%
水瀬いのり MELODY FLAG
8%
ミキ の深夜でんぱ!
8%
チョコレートプラネット の東京遊泳
8%
宮下草薙 の15分
8%
Sky presents 藤原竜也 のラジオ
8%
MOMO・SORA・SHIINA Talking Box
8%
文化放送 19時台 堀江由衣×浅野真澄 の#とれとれ
6%
水樹奈々 スマイルギャング
6%
宮野真守 のRADIO SMILE
6%
堀江由衣 の天使のたまご
6%
神谷浩史・小野大輔 のDear Girl~Stories~
6%
田村ゆかり の乙女心♡症候群
6%
26時台 内田真礼 とおはなししません?
6%
前田佳織里 の進め!前田号
6%
ニューヨーク・小湊よつ葉 のマジックミラーナイト
6%
イモトアヤコ のすっぴんしゃん
6%
高見沢俊彦 のロックばん
6%
山崎育三郎 のI AM 1936
4%
23時台 下野紘・巽悠衣子 の小説家になろうラジオ
4%
内田雄馬 Heart Heat Hop
4%
ザ・マミィ の今一歩、前へ。
4%
東山奈央 のラジオ@リビング
4%
夕実&梨沙 のラフストーリーは突然に
4%
TBSラジオ 19時台 藤田ニコル のあしたはにちようび
4%
今晩は 吉永小百合 です
4%
23時台 月~金 朗読・ 斎藤工 深夜特急 オン・ザ・ロード
4%
玉城ティナ とある世界
2%
吉田尚記 のオタクガストロノミー
2%
21時台 上地由真 のワンダーユーマン
2%
私立恵比寿中学 放送部
2%
内田理央 のレコメン!FRIDAY
2%
大橋彩香 のAny Beat!
2%
22時台 内田理央 のレコメン!FRIDAY
2%
芹澤優と古賀葵 のヘブンバーンズレディオ
2%
楠木ともり The Music Reverie
2%
小原好美 のココロおきなく
2%
内山昂輝 の1クール!
2%
小松未可子 のSunday Share Night
2%
バービー とおしんり研究所
2%
鈴木聖奈 LIFE LAB~○○のおじ様たち~
2%
宮藤 さんに言ってもしょうがないんですけど
2%
Sky presents 中村七之助 のラジのすけ
2%
林原めぐみ のTokyo Boogie Night
2%
Girls² のがるがるトーク!
2%
ニッポン放送 19時台 ヒグチアイ このさみしさに終わりはあるのか
0%
21時台 青木愛 スポーツ to you
0%
阿部亮 のNGO世界一周!
0%
古家正亨 K TRACKS
0%
藤ヶ谷太輔 Peaceful Days
0%
20時台 木田裕士・唐橋ユミ ジパングの黄金
0%
アニパチ presents 保住有哉 いるじゃん!
0%
Girls² ミサキとクレア のアニファン!
0%
岸洋佑 のイジンデンシン
0%
斉藤壮馬 Strange dayS
0%
27時台 裏表 松原秀とモグライダー芝大輔
0%
28時台 仁科美咲 の遊々ミュージック
0%
NCPグループゆいごんの窓口 presents 稲村亜美 の相続相談フルスイング!
0%
嶌信彦 人生百景「志の人たち」
0%
22時台 武田砂鉄 のプレ金ナイト
0%
井上芳雄 by MYSELF
0%
アンジェリーナ1/3 のA世代!ラジオ
0%
岡田康太とchuLa のちゅらんくアップ!
0%
TOOBOE のわるあがき
0%
No matching quizzes found
Score Distribution
Percent of People with Each Score
Percentile by Number Answered
Your Score History
You have not taken this quiz